| 000 | 00682cab a22001815a 4500 | ||
|---|---|---|---|
| 001 | L144561 | ||
| 008 | 080728e20080726xxk af g 000 0 eng d | ||
| 035 | _a(Sirsi) u144561 | ||
| 041 | 0 | _aeng | |
| 100 | 1 | _aAskham, Phil | |
| 245 | 0 | 0 | _aIt doesn't have to be a drama |
| 260 | _c2008 | ||
| 490 |
_aEstates Gazette _v(0829) 26 July 2008, 86-87(2) |
||
| 520 | _aMainly for students article looks at the comparison method of valuation (the most widely used of the traditional five valuation methods) and illustrates some of the pitfalls that can catch out an inexperienced valuer. | ||
| 651 | 4 |
_aUnited Kingdom _y |
|
| 690 | _aPROPERTY-PROPERTY APPRAISAL AND VALUATION | ||
| 942 | _n0 | ||
| 999 |
_c80518 _d80518 |
||